[Event "RA-2016-0-00479"]
[Site "LSS email"]
[Date "2016.10.30"]
[Round "?"]
[White "Jijon, Fabricio"]
[Black "Husemann, Andreas"]
[Result "0-1"]
[WhiteElo "2143"]
[BlackElo "2210"]
[PlyCount "70"]
[EventDate "2016.10.11"]
[EventType "tourn (corr)"]
[EventRounds "6"]
[EventCountry "GER"]
[SourceTitle "Corr 2022"]
[Source "ChessBase"]
[SourceDate "2021.10.24"]
[SourceVersion "1"]
[SourceVersionDate "2021.10.24"]
[SourceQuality "1"]

1. e4 c5 2. Nf3 Nc6 3. d4 cxd4 4. Nxd4 Nf6 5. Nc3 e5 6. Ndb5 d6 7. Bg5 a6 8. Na3 b5 9. Bxf6 gxf6 10. Nd5 f5 11. c3 Bg7 12. exf5 Bxf5 13. Nc2 Be6 14. Nce3 Ne7 15. g3 Nxd5 16. Nxd5 0-0 17. Bg2 a5 18. Ne3 Rb8 19. Qd3 Kh8 20. Nf5 Qf6 21. Nxg7 Kxg7 22. Qxd6 Rfd8 23. Qc5 Bc4 24. Be4 Qg5 25. Qe3 Qxe3+ 26. fxe3 Rd6 27. b3 Bd3 28. Bxd3 Rxd3 29. Rc1 Rbd8 30. Kf2 Rd2+ 31. Kf3 Rxa2 32. Ra1 Rb2 33. Rxa5 Rxb3 34. Rf1 f6 35. Ke4 Rxc3 0-1

[Event "RA-2016-0-00479"]
[Site "LSS email"]
[Date "2016.10.30"]
[Round "?"]
[White "Misericordia, Antonio"]
[Black "Jijon, Fabricio"]
[Result "1-0"]
[WhiteElo "2314"]
[BlackElo "2143"]
[PlyCount "83"]
[EventDate "2016.10.11"]
[EventType "tourn (corr)"]
[EventRounds "6"]
[EventCountry "GER"]
[SourceTitle "Corr 2022"]
[Source "ChessBase"]
[SourceDate "2021.10.24"]
[SourceVersion "1"]
[SourceVersionDate "2021.10.24"]
[SourceQuality "1"]

1. b3 d5 2. Nf3 Nf6 3. Bb2 Bg4 4. g3 Nbd7 5. Bg2 e6 6. 0-0 Bd6 7. d4 c6 8. Nbd2 h5 9. Qe1 Bf5 10. c4 Be7 11. Rd1 Qa5 12. a3 Qb6 13. Rc1 0-0 14. Qd1 a5 15. e3 Rfe8 16. Re1 Red8 17. Ng5 Rac8 18. Nh3 Nf8 19. Qe2 h4 20. Nf4 hxg3 21. hxg3 Bh7 22. Bf3 Bf5 23. Kg2 g5 24. Nh5 N8h7 25. Nxf6+ Nxf6 26. e4 Bg6 27. e5 Nd7 28. Bh5 Nf8 29. Qf3 dxc4 30. Nxc4 Qb5 31. Bxg6 Nxg6 32. a4 Qa6 33. Nd6 Bxd6 34. exd6 Rxd6 35. d5 exd5 36. Qf5 b6 37. Bd4 Qb7 38. Rh1 Kf8 39. Bxb6 Qxb6 40. Qxc8+ Kg7 41. Qf5 Qd4 42. Qxg5 1-0

[Event "ZI-2013-0-01628"]
[Site "LSS email"]
[Date "2013.06.11"]
[Round "?"]
[White "Jijon, Fabricio"]
[Black "Siger, Imre Csaba"]
[Result "1-0"]
[WhiteElo "2003"]
[BlackElo "1575"]
[PlyCount "27"]
[EventDate "2013.06.06"]
[EventType "match (corr)"]
[EventRounds "2"]
[EventCountry "GER"]
[SourceTitle "Corr 2015"]
[Source "ChessBase"]
[SourceDate "2015.07.17"]
[SourceVersion "1"]
[SourceVersionDate "2015.07.17"]
[SourceQuality "1"]

1. e4 e6 2. d4 d5 3. Nc3 Nf6 4. Bg5 Bb4 5. e5 h6 6. Bd2 Bxc3 7. bxc3 Ne4 8. Qg4 g6 9. Bd3 Nxd2 10. Kxd2 c5 11. Nf3 Nc6 12. dxc5 Qa5 13. Rab1 Qxc5 14. Qh4 1-0

[Event "ZI-2013-0-01628"]
[Site "LSS email"]
[Date "2013.06.11"]
[Round "?"]
[White "Siger, Imre Csaba"]
[Black "Jijon, Fabricio"]
[Result "0-1"]
[WhiteElo "1575"]
[BlackElo "2003"]
[PlyCount "22"]
[EventDate "2013.06.06"]
[EventType "match (corr)"]
[EventRounds "2"]
[EventCountry "GER"]
[SourceTitle "Corr 2015"]
[Source "ChessBase"]
[SourceDate "2015.07.17"]
[SourceVersion "1"]
[SourceVersionDate "2015.07.17"]
[SourceQuality "1"]

1. d4 Nf6 2. c4 e6 3. g3 d5 4. Bg2 c6 5. Qc2 Nbd7 6. Nf3 Be7 7. 0-0 Ne4 8. Bf4 g5 9. Be3 h5 10. Qc1 h4 11. Nc3 h3 0-1

[Event "ZI-2011-0-01001"]
[Site "LSS email"]
[Date "2011.05.25"]
[Round "?"]
[White "Teverovski, Bogoljub"]
[Black "Jijon, Fabricio"]
[Result "1-0"]
[WhiteElo "1879"]
[BlackElo "1930"]
[PlyCount "43"]
[EventDate "2011.05.22"]
[EventType "match (corr)"]
[EventRounds "2"]
[EventCountry "GER"]
[SourceTitle "Telechess CBM 145"]
[Source "Chessbase"]
[SourceDate "2011.11.11"]
[SourceVersion "1"]
[SourceVersionDate "2011.11.11"]
[SourceQuality "1"]

1. d4 Nf6 2. c4 e6 3. g3 d5 4. Bg2 c6 5. Nf3 dxc4 6. Ne5 Nbd7 7. Nxc4 Nb6 8. Ne5 Bd6 9. 0-0 0-0 10. Nd2 Qc7 11. Ndf3 Ne4 12. Nd3 f5 13. Bf4 Bd7 14. Bxd6 Qxd6 15. e3 c5 16. dxc5 Nxc5 17. Nxc5 Qxc5 18. Rc1 Qb4 19. a3 Qa5 20. Rc7 Rfd8 21. b4 Qa6 22. Ng5 1-0

[Event "LSS SB-2010-0-00127"]
[Site "LSS email"]
[Date "2011.01.05"]
[Round "?"]
[White "Jijon, Fabricio"]
[Black "Flores, Luis"]
[Result "1-0"]
[WhiteElo "1944"]
[BlackElo "1961"]
[PlyCount "81"]
[EventDate "2010.12.14"]
[EventType "tourn (corr)"]
[EventRounds "6"]
[EventCountry "GER"]
[SourceTitle "Telechess CBM 147"]
[Source "ChessBase"]
[SourceDate "2012.03.16"]
[SourceVersion "1"]
[SourceVersionDate "2012.03.16"]
[SourceQuality "1"]

1. d4 Nf6 2. c4 g6 3. Nc3 Bg7 4. e4 d6 5. Be2 0-0 6. Nf3 e5 7. 0-0 Nc6 8. d5 Ne7 9. b4 Nh5 10. Re1 f5 11. Ng5 Nf6 12. Bf3 c6 13. Bb2 h6 14. Ne6 Bxe6 15. dxe6 fxe4 16. Nxe4 Nxe4 17. Rxe4 d5 18. cxd5 cxd5 19. Rxe5 Bxe5 20. Bxe5 Qb6 21. Bb2 Qxb4 22. Rb1 Rac8 23. Bg7 Qxb1 24. Qxb1 Kxg7 25. Qb2+ Rf6 26. g4 b6 27. h4 g5 28. Bg2 Rc4 29. hxg5 hxg5 30. Qe5 Ng6 31. Qxg5 Rxe6 32. Qxd5 Re1+ 33. Kh2 Rf4 34. Qd2 Re5 35. Kg3 Rc5 36. Bd5 Rf6 37. f3 Nf4 38. g5 Nxd5 39. gxf6+ Nxf6 40. Qe3 Rg5+ 41. Qxg5+ 1-0

[Event "LSS SB-2010-0-00127"]
[Site "LSS email"]
[Date "2011.01.04"]
[Round "?"]
[White "Jijon, Fabricio"]
[Black "Grego, Luis Jose Gonzaga"]
[Result "1-0"]
[WhiteElo "1944"]
[BlackElo "1953"]
[PlyCount "41"]
[EventDate "2010.12.14"]
[EventType "tourn (corr)"]
[EventRounds "6"]
[EventCountry "GER"]
[SourceTitle "Corr 2013"]
[Source "ChessBase"]
[SourceDate "2012.11.12"]
[SourceVersion "1"]
[SourceVersionDate "2012.11.12"]
[SourceQuality "1"]
[WhiteTeam "US of America"]
[BlackTeam "US of America"]
[WhiteTeamCountry "USA"]
[BlackTeamCountry "USA"]

1. d4 Nf6 2. c4 e5 3. dxe5 Ne4 4. Nd2 Nc5 5. b4 Ne6 6. a3 a5 7. b5 b6 8. Ngf3 Bb7 9. g3 d6 10. Bb2 Nd7 11. exd6 Bxd6 12. Bg2 0-0 13. 0-0 Ndc5 14. Qc2 Qe8 15. Nh4 Bxg2 16. Kxg2 f6 17. Ndf3 g6 18. Rad1 a4 19. Rfe1 Nb3 20. e3 Nec5 21. e4 1-0

[Event "LSS SB-2010-0-00127"]
[Site "LSS email"]
[Date "2011.01.04"]
[Round "?"]
[White "Morcin, Tom"]
[Black "Jijon, Fabricio"]
[Result "1/2-1/2"]
[WhiteElo "1861"]
[BlackElo "1944"]
[PlyCount "61"]
[EventDate "2010.12.14"]
[EventType "tourn (corr)"]
[EventRounds "6"]
[EventCountry "GER"]
[SourceTitle "Telechess CBM 147"]
[Source "ChessBase"]
[SourceDate "2012.03.16"]
[SourceVersion "1"]
[SourceVersionDate "2012.03.16"]
[SourceQuality "1"]

1. e4 c6 2. d4 d5 3. Nc3 dxe4 4. Nxe4 Bf5 5. Ng3 Bg6 6. h4 h6 7. Nf3 Nd7 8. h5 Bh7 9. Bd3 Bxd3 10. Qxd3 Qc7 11. Bd2 Ngf6 12. 0-0-0 e6 13. Ne4 Nxe4 14. Qxe4 Bd6 15. g3 Nf6 16. Qe2 a5 17. Rh4 a4 18. a3 Qb6 19. Bf4 Be7 20. Ne5 Rd8 21. Rd3 Qb5 22. Kb1 0-0 23. c4 Qa6 24. Qf3 c5 25. dxc5 Rxd3 26. Nxd3 Nd7 27. Rg4 f5 28. Rg6 Qxc4 29. Bxh6 Rf7 30. Bf4 Nxc5 31. Nxc5 1/2-1/2

[Event "LSS SB-2010-0-00127"]
[Site "LSS email"]
[Date "2011.01.04"]
[Round "?"]
[White "Nenciulescu, Silviu Catalin"]
[Black "Jijon, Fabricio"]
[Result "1/2-1/2"]
[WhiteElo "1871"]
[BlackElo "1944"]
[PlyCount "94"]
[EventDate "2010.12.14"]
[EventType "tourn (corr)"]
[EventRounds "6"]
[EventCountry "GER"]
[SourceTitle "Corr 2013"]
[Source "ChessBase"]
[SourceDate "2012.11.12"]
[SourceVersion "1"]
[SourceVersionDate "2012.11.12"]
[SourceQuality "1"]
[WhiteTeam "US of America"]
[BlackTeam "US of America"]
[WhiteTeamCountry "USA"]
[BlackTeamCountry "USA"]

1. d4 Nf6 2. c4 e6 3. Nf3 d5 4. Nc3 c6 5. e3 dxc4 6. Bxc4 b5 7. Bd3 a6 8. 0-0 Nbd7 9. e4 c5 10. e5 cxd4 11. Ne2 Nd5 12. a4 b4 13. Nexd4 Bb7 14. Nb3 Nc5 15. Nxc5 Bxc5 16. Qe2 Be7 17. a5 0-0 18. Rd1 Qb8 19. Bd2 Qa7 20. Qe4 g6 21. Qg4 Bc6 22. Qd4 Qxd4 23. Nxd4 Bb7 24. Rac1 Rac8 25. Kf1 Rfd8 26. Ke2 g5 27. Rxc8 Rxc8 28. g3 Rc5 29. Nb3 Rc8 30. Rc1 Rxc1 31. Nxc1 g4 32. Be4 Bd8 33. Bxd5 Bxd5 34. Bxb4 Kg7 35. Nd3 Kg6 36. Nc5 Kf5 37. Kd3 Bc6 38. Kd4 Bb5 39. Nb7 Bc7 40. Nd6+ Bxd6 41. exd6 e5+ 42. Kd5 Bd7 43. Kc5 Ke6 44. Kb6 Bb5 45. Kc7 Be8 46. b3 Bb5 47. Bd2 Bd7 1/2-1/2

[Event "CP-2010-P-00052"]
[Site "LSS email"]
[Date "2010.09.28"]
[Round "?"]
[White "Hruby, Milan"]
[Black "Jijon, Fabricio"]
[Result "1/2-1/2"]
[WhiteElo "2172"]
[BlackElo "1944"]
[PlyCount "111"]
[EventDate "2010.10.01"]
[EventType "tourn (corr)"]
[EventRounds "6"]
[EventCountry "GER"]
[SourceTitle "Telechess CBM 147"]
[Source "ChessBase"]
[SourceDate "2012.03.16"]
[SourceVersion "1"]
[SourceVersionDate "2012.03.16"]
[SourceQuality "1"]

1. d4 Nf6 2. c4 e6 3. Nc3 d5 4. Nf3 c6 5. Bg5 dxc4 6. e4 b5 7. e5 h6 8. Bh4 g5 9. Nxg5 hxg5 10. Bxg5 Nbd7 11. g3 Qb6 12. exf6 Bb7 13. Bg2 c5 14. d5 0-0-0 15. 0-0 b4 16. Rb1 Qa6 17. dxe6 Bxg2 18. e7 Bxf1 19. Kxf1 Bxe7 20. fxe7 Rdg8 21. Ne4 c3+ 22. Kg1 Rxg5 23. Nxg5 Qg6 24. bxc3 Qxg5 25. Qe2 Qe5 26. Qa6+ Kb8 27. Qb5+ Kc7 28. Qa5+ Kb7 29. cxb4 Qxe7 30. bxc5+ Ka8 31. c6 Ne5 32. Qd5 Qe6 33. Qxe6 fxe6 34. c7 Nc4 35. h4 Nb6 36. a4 Nd5 37. h5 Nxc7 38. g4 Nd5 39. f3 Nc3 40. Rb4 Nd5 41. Re4 Nc7 42. Kg2 Kb7 43. Kg3 Kc6 44. Rf4 Nd5 45. Rf7 a5 46. Kh4 Kd6 47. Ra7 Ke5 48. g5 Rc8 49. g6 Kf5 50. Rf7+ Nf6 51. g7 e5 52. Kh3 Kg5 53. Rf8 Rc7 54. Rxf6 Rxg7 55. Re6 Kf4 56. Rf6+ 1/2-1/2

[Event "CP-2010-P-00052"]
[Site "LSS email"]
[Date "2010.09.28"]
[Round "?"]
[White "Jijon, Fabricio"]
[Black "Barbosa, Sergio Goncalves"]
[Result "1/2-1/2"]
[WhiteElo "1944"]
[BlackElo "1872"]
[PlyCount "100"]
[EventDate "2010.10.01"]
[EventType "tourn (corr)"]
[EventRounds "6"]
[EventCountry "GER"]
[SourceTitle "Telechess CBM 147"]
[Source "ChessBase"]
[SourceDate "2012.03.16"]
[SourceVersion "1"]
[SourceVersionDate "2012.03.16"]
[SourceQuality "1"]

1. d4 Nf6 2. c4 g6 3. Nc3 d5 4. cxd5 Nxd5 5. e4 Nxc3 6. bxc3 Bg7 7. Bc4 c5 8. Ne2 Nc6 9. Be3 0-0 10. 0-0 Bg4 11. f3 Na5 12. Bxf7+ Rxf7 13. fxg4 Rxf1+ 14. Kxf1 Qd6 15. Kg1 Qe6 16. Qd3 Qc4 17. Qxc4+ Nxc4 18. Bf2 cxd4 19. cxd4 e5 20. d5 Bh6 21. h4 Bd2 22. Ng3 b5 23. Be1 Bxe1 24. Rxe1 Rf8 25. Rf1 Nd6 26. Rxf8+ Kxf8 27. Kf2 a5 28. Ke3 a4 29. Kd3 b4 30. Nf1 b3 31. axb3 a3 32. Kc2 Nxe4 33. Ne3 a2 34. Kb2 Nc3 35. Nc2 Nxd5 36. Kxa2 e4 37. Kb2 Kf7 38. b4 Kf6 39. Kb3 Ke5 40. Kc4 e3 41. Kd3 Nf4+ 42. Kxe3 Nxg2+ 43. Kf2 Nxh4 44. Kg3 g5 45. Ne3 Ng6 46. b5 Nf8 47. Nf5 Ne6 48. b6 Nd8 49. Kf3 Kd5 50. Ne3+ Kc6 1/2-1/2

[Event "CP-2010-P-00052"]
[Site "LSS email"]
[Date "2010.09.28"]
[Round "?"]
[White "Jijon, Fabricio"]
[Black "Martindale, Roger"]
[Result "1-0"]
[WhiteElo "1965"]
[BlackElo "778"]
[PlyCount "57"]
[EventDate "2010.10.01"]
[EventType "tourn (corr)"]
[EventRounds "6"]
[EventCountry "GER"]
[SourceTitle "Telechess CBM 143"]
[Source "ChessBase"]
[SourceDate "2011.07.15"]
[SourceVersion "1"]
[SourceVersionDate "2011.07.15"]
[SourceQuality "1"]

1. d4 d5 2. c4 e6 3. Nc3 c5 4. cxd5 exd5 5. dxc5 Bxc5 6. Qxd5 Qxd5 7. Nxd5 Bd6 8. e4 Nc6 9. Be3 Nb4 10. Bb5+ Nc6 11. Rc1 Nf6 12. Rxc6 bxc6 13. Bxc6+ Bd7 14. Nxf6+ gxf6 15. Bxa8 Bb4+ 16. Bd2 Bxd2+ 17. Kxd2 0-0 18. Bd5 a5 19. Ne2 a4 20. Rc1 h5 21. Nf4 Rd8 22. Nxh5 f5 23. Nf6+ Kg7 24. Nxd7 Rxd7 25. Ke3 fxe4 26. Kxe4 Re7+ 27. Kf5 Re2 28. f4 Rxg2 29. Bxg2 1-0

[Event "OP-2010-0-01176"]
[Site "LSS email"]
[Date "2010.06.04"]
[Round "?"]
[White "Jijon, Fabricio"]
[Black "Johanson, Frans"]
[Result "1-0"]
[WhiteElo "1944"]
[BlackElo "1921"]
[PlyCount "113"]
[EventDate "2010.05.29"]
[EventType "tourn (corr)"]
[EventRounds "4"]
[EventCountry "GER"]
[SourceTitle "Telechess CBM 141"]
[Source "ChessBase"]
[SourceDate "2011.03.17"]
[SourceVersion "1"]
[SourceVersionDate "2011.03.17"]
[SourceQuality "1"]

1. d4 Nf6 2. c4 g6 3. Nc3 Bg7 4. e4 d6 5. Be2 0-0 6. Nf3 e5 7. d5 a5 8. Be3 Na6 9. Nd2 Nc5 10. g4 Qe7 11. h4 Bxg4 12. Bxg4 Nd3+ 13. Kf1 Nxb2 14. Qe2 Nxg4 15. Qxg4 f5 16. Qe2 f4 17. Rb1 Bh6 18. Rxb2 fxe3 19. Nf3 Rf6 20. Rh3 Qd7 21. Rg3 Bf4 22. Rg2 Raf8 23. Nd1 Qh3 24. Ng1 Qxh4 25. Nxe3 Bxe3 26. Qxe3 Rf4 27. Re2 c6 28. Qd3 Kg7 29. dxc6 bxc6 30. Qxd6 Rxe4 31. f3 Rxc4 32. Qxe5+ Qf6 33. Qxa5 c5 34. Qe1 Rf7 35. Re3 Qd4 36. Nh3 h6 37. Re6 Rxf3+ 38. Nf2 Rf6 39. Re7+ Kg8 40. Re8+ Kg7 41. Qe7+ Rf7 42. Rxg6+ Kxg6 43. Rg8+ Rg7 44. Rxg7+ Qxg7 45. Qe6+ Qf6 46. Qxc4 h5 47. a4 Kg7 48. Kg2 Qg5+ 49. Kf3 Qf5+ 50. Ke3 Qg5+ 51. Qf4 Qd5 52. Nd3 Qe6+ 53. Qe5+ Kf7 54. Qxe6+ Kxe6 55. Nxc5+ Kd6 56. Nb3 Kc6 57. Kf4 1-0

[Event "LSS BI-2010-P-00012"]
[Site "LSS email"]
[Date "2010.04.19"]
[Round "?"]
[White "Rensen, Martin"]
[Black "Jijon, Fabricio"]
[Result "1-0"]
[WhiteElo "2223"]
[BlackElo "1942"]
[PlyCount "61"]
[EventDate "2010.04.22"]
[EventType "tourn (corr)"]
[EventRounds "10"]
[EventCountry "GER"]
[SourceTitle "Telechess CBM 141"]
[Source "ChessBase"]
[SourceDate "2011.03.17"]
[SourceVersion "1"]
[SourceVersionDate "2011.03.17"]
[SourceQuality "1"]

1. d4 Nf6 2. c4 e6 3. Nf3 d5 4. Nc3 c6 5. Bg5 Nbd7 6. e3 Qa5 7. cxd5 exd5 8. Bd3 Ne4 9. Qc2 Nxg5 10. Nxg5 h6 11. Nf3 Bd6 12. 0-0 Nf6 13. Ne5 Bxe5 14. dxe5 Ng4 15. e4 d4 16. Ne2 Qxe5 17. Ng3 Qd6 18. h3 Ne5 19. f4 Nxd3 20. Qxd3 0-0 21. e5 Qb4 22. Rf2 Rd8 23. Ne4 Rd5 24. Qg3 Kf8 25. f5 d3 26. Nc3 Rd4 27. Rd1 Qc5 28. e6 Qd6 29. Qe3 fxe6 30. f6 g5 31. Qf3 1-0

[Event "OP-2010-0-01128"]
[Site "LSS email"]
[Date "2010.04.05"]
[Round "?"]
[White "Campbell, John"]
[Black "Jijon, Fabricio"]
[Result "0-1"]
[WhiteElo "1514"]
[BlackElo "2008"]
[PlyCount "88"]
[EventDate "2010.03.31"]
[EventType "tourn (corr)"]
[EventRounds "4"]
[EventCountry "GER"]
[SourceTitle "Telechess CBM 141"]
[Source "ChessBase"]
[SourceDate "2011.03.17"]
[SourceVersion "1"]
[SourceVersionDate "2011.03.17"]
[SourceQuality "1"]

1. d4 Nf6 2. c4 e6 3. Nf3 d5 4. e3 c6 5. Nbd2 Nbd7 6. Bd3 Be7 7. 0-0 c5 8. cxd5 exd5 9. dxc5 Nxc5 10. Bb5+ Bd7 11. Bxd7+ Qxd7 12. b4 Na4 13. Ne5 Qb5 14. a3 Nd7 15. Ndf3 Nxe5 16. Nxe5 Bf6 17. f4 Rc8 18. Ra2 Bxe5 19. fxe5 Nc3 20. Rc2 Nxd1 21. Rxc8+ Ke7 22. Rxh8 Nc3 23. Rb8 Qc6 24. Bb2 Qc7 25. Ra8 Qxe5 26. Re1 d4 27. Rxa7 d3 28. Rxb7+ Ke6 29. Rb6+ Kd7 30. Bxc3 Qxc3 31. Rf1 d2 32. Rb7+ Kc6 33. Rbxf7 Qxe3+ 34. R7f2 Qe1 35. g4 d1Q 36. Rxe1 Qxe1+ 37. Kg2 Qe4+ 38. Kg3 Qe3+ 39. Rf3 Qg1+ 40. Kh3 Kd5 41. a4 Ke4 42. Rf7 g6 43. Rf6 Kd3 44. b5 Qe3+ 0-1